Rescue Me - Lyrics - Statistics

General Stats
  • This quiz has been taken 7 times
  • The average score is 154 of 226
Answer Stats
Answer % Correct
you
100%
I
83%
me?
83%
me
83%
me?)
83%
me>
83%
rescue
83%
the
83%
We
83%
we
83%
when
83%
When
83%
your
83%
and
67%
back?
67%
But
67%
by
67%
for
67%
I'm
67%
my
67%
not
67%
of
67%
to
67%
were
67%
Would
67%
would
67%
(Would
67%
about
50%
Ah,
50%
Ah
50%
anymore
50%
away
50%
bottles
50%
broken
50%
call
50%
care
50%
crack?
50%
days
50%
don't
50%
doors
50%
each
50%
far
50%
get
50%
good
50%
help?
50%
help
50%
If
50%
if
50%
know
50%
life
50%
livin'
50%
love?
50%
love
50%
much
50%
myself?
50%
need
50%
old
50%
other
50%
slammin'
50%
start
50%
still
50%
take
50%
talk
50%
took
50%
under,
50%
under
50%
us
50%
wonder,
50%
wonder
50%
'bout
33%
dream
33%
Say
33%
(oh, oh)
17%
slipping
0%
No matching quizzes found
Score Distribution
Percent of People with Each Score
Percentile by Number Answered
Your Score History
You have not taken this quiz